000 02915cam a2200349 4500500
005 20260412000659.0
041 _afre
042 _adc
100 1 0 _aLih, Lars T.
_eauthor
700 1 0 _aGuillibert, Paul
_eauthor
245 0 0 _a« Regardez les allemands ! » : les racines de Lénine dans la social-démocratie européenne
260 _c2017.
500 _a75
520 _aLars T. Lih, « Regardez les allemands ! » : les racines de Lénine dans la social-démocratie européenne À la fin du xixe siècle, le Parti social-démocrate allemand (SPD) propose un nouveau type de parti combinant des innovations techniques de mobilisations de masses (la campagne électorale, la « culture alternative », la presse de parti) avec un objectif révolutionnaire. Les sociaux-démocrates russes admiraient ce modèle, mais ils durent reconnaître qu’il leur manquait un point essentiel : la liberté politique nécessaire pour ce type de mobilisation. Ils durent innover pour adapter le modèle du SPD avec les conditions inhospitalières de la Russie. Dans ce cadre, Que faire ? de Lénine est moins une rupture théorique qu’un résumé d’une méthode empirique pensée avec les suggestions propres de Lénine pour atteindre cette étape, un parti national avec un leadership central.
520 _a« Look at the Germans ! » : Lenin’s Roots in European Social DemocracyIn the late nineteenth century, the German Social Democratic Party (SPD) pioneered a new type of party that combined innovative techniques of mass mobilization (the « permanent campaign », the « alternative culture », an extensive party press) with a well-defined revolutionary aim. Russian Social Democrats admired this model, but they realized they lacked an essential precondition : the political freedom that was necessary to carry out mass mobilization of a national scale. They themselves were forced to innovate while adapting the SPD model to inhospitable Russian conditions. Lenin’s What is To be Done ? is less of a theoretical breakthrough than a summary of methods already found by empirical trial and error, coupled with Lenin’s own practical suggestions toward achieving the next step, namely, a national party with a functioning central leadership
690 _aFerdinand Lasalle
690 _aKarl Kautsky
690 _aLénine
690 _aliberté politique
690 _aparti
690 _aParti social-démocrate allemand
690 _asocial-démocratie russe
690 _aFerdinand Lasalle
690 _aGerman Social Democratic Party
690 _aKarl Kautsky
690 _aLenin
690 _aparty
690 _apolitical freedom
690 _aRussian Social Democraty
786 0 _nActuel Marx | 62 | 2 | 2017-09-05 | p. 26-45 | 0994-4524
856 4 1 _uhttps://shs.cairn.info/revue-actuel-marx-2017-2-page-26?lang=fr&redirect-ssocas=7080
999 _c2210881
_d2210881